How the sea become salty / (Record no. 167731)

MARC details
000 -LEADER
fixed length control field 00755nam a22002057a 4500
005 - DATE AND TIME OF LATEST TRANSACTION
control field 20190918102405.0
010 ## - LCCN (DPL NO)
LC control number B-730048
020 ## - INTERNATIONAL STANDARD BOOK NUMBER
International Standard Book Number 9780143447047
Terms of availability 175.00
035 ## - SYSTEM CONTROL NUMBER
System control number B-730048
037 ## - SOURCE OF ACQUISITION
Stock number dpl
Source of stock number/acquisition Penguin Random House
082 ## - DEWEY DECIMAL CLASSIFICATION NUMBER
Classification number S
100 ## - MAIN ENTRY--PERSONAL NAME
Personal name Murty, Sudha
245 ## - TITLE STATEMENT
Title How the sea become salty /
Statement of responsibility, etc by Sudha Murty; illustrated by Priya Kuriyan
260 ## - PUBLICATION, DISTRIBUTION, ETC. (IMPRINT)
Place of publication, distribution, etc Gurgaon
Name of publisher, distributor, etc Puffin Books
Date of publication, distribution, etc 2019
270 ## - ADDRESS
Address 7th Floor, Infinity Tower C, DLF Cyber City,
City Gurgaon
Postal code 122002
300 ## - PHYSICAL DESCRIPTION
Extent xi, 33p.
Dimensions 20cm (pbk)
Other physical details col. illus.
700 ## - ADDED ENTRY--PERSONAL NAME
Personal name Kuriyan, Priya
942 ## - ADDED ENTRY ELEMENTS (KOHA)
Source of classification or shelving scheme Dewey Decimal Classification
Item type Children Books
Call number suffix MUR
Classification part S
Holdings
Withdrawn status Lost status Not for loan Collection code Home library Current library Date acquired Source of acquisition Cost, normal purchase price Full call number Barcode Copy number Cost, replacement price Koha item type
      Fiction Sarojini Nagar Sarojini Nagar 18/09/2019 Gift /Eng /13.09.2019 175.00 S MUR B-730048 1 175.00 Children Books

© Delhi Public Library
Hit Counter
free hit counter